000 00909nam a22002297a 4500
999 _c6395
_d6395
003 AR-CdUCM
008 190315b ||||| |||| 00| 0 spa d
040 _aMUNICIPALIDAD PROVINCIAL DEL CUSCO
_cBIBLIOTECA MUNICIPAL DEL CUSCO
082 _a030 /
_bP438
100 _aPérez Galdós, Benito
_91429
245 _aMarianela :
_bLos mejores libros de la literatura española /
260 _aLima :
_bEditora de Publicaciones Gente,
_c1987.
300 _a156 páginas ;
_c17 cm.
440 _aColección gratuita con la revista Gente (Lima-Perú) por su 3º aniversario.
_n20
_918198
505 _aContenido: Perdido -- Guiado -- Un dialogo que servirá de exposición -- La familia de piedra -- Tonterías -- Más tonterías...
650 _aLiteratura española
_9362
650 _aColección
_92826
650 _aSiglo XX
_98
700 _aBanco de la Nación
_918155
942 _2ddc
_cLIBROS
945 _adavv